Konštrukčný návrh pohonu pojazdu šmykom riadeného 8-kolesového terénneho vozidla ScotTrac 3000 pre maximálnu rýchlosť 30 km/h a stúpavosť 70%
Saved in:
| Main Author: | |
|---|---|
| Other Authors: | |
| Format: | Manuscript Book |
| Language: | Slovak |
| Published: |
Bratislava :
STU v Bratislave SjF,
2013
|
| Subjects: | |
| Online Access: | VAIS |
| Tags: |
No Tags, Be the first to tag this record!
|
MARC
| LEADER | 00000ntm a22000003a 4500 | ||
|---|---|---|---|
| 001 | stu286894 | ||
| 005 | 20150617230255.3 | ||
| 008 | 140321s2013----xo------------------slo-d | ||
| 040 | |a STU |b slo | ||
| 041 | 0 | |a slo | |
| 044 | |a xo | ||
| 100 | 1 | |a Kalamár, Matúš, |d 1989- |4 aut |u J |T SjF Strojnícka fakulta |X 58326 |U J |Y 20 |7 A000058326 | |
| 242 | 0 | 0 | |a Construction design of skid steer 8 wheel terrain vehicle Scot Trac 3000 for maximal velocity 30km/h and gradeabillity 70 % |y eng |
| 245 | 1 | |a Konštrukčný návrh pohonu pojazdu šmykom riadeného 8-kolesového terénneho vozidla ScotTrac 3000 pre maximálnu rýchlosť 30 km/h a stúpavosť 70% | |
| 260 | |a Bratislava : |b STU v Bratislave SjF, |c 2013 | ||
| 650 | 7 | |a Machines and Equipment for Civil Engineering, Processing and Agriculture |2 estusub | |
| 650 | 7 | |a skid steer |2 estusub | |
| 700 | 1 | |a Vereš, Miroslav, |d 1947- |4 ths |u J0030 |U SjF Strojnícka fakulta |T SjF Ústav dopravnej techniky a konštruovania |X 2404 |U J0030 |Y 806 |7 A000002404 | |
| 856 | 4 | |a info a plný text |u http://is.stuba.sk/zp/portal_zp.pl?podrobnosti=94750 |3 VAIS | |